Countries + Capitals with the same Initial letter - Statistics

General Stats
  • This quiz has been taken 96 times
    77 since last reset
  • The average score is 39 of 56
Answer Stats
Hint Answer % Correct
1) A - Country Algeria
94%
+ Capital Algiers
92%
6) B - Country Brazil
89%
15) M - Country Mexico
89%
2) A - Country Andorra
87%
+ Capital Brasilia
87%
+ Capital Mexico City
87%
19) P - Country Panama
87%
28) V - Country Vatican
87%
21) S - Country San Marino
84%
+ Capital San Marino
84%
+ Capital Vatican City
84%
8) D - Country Djibouti
82%
+ Capital Djibouti
82%
+ Capital Panama City
82%
11) K - Country Kuwaiit
81%
27) T - Country Tunis
81%
12) L - Country Luxembourg
79%
+ Capital Luxembourg
79%
16) M - Country Monaco
79%
+ Capital Monaco
79%
+ Capital Tunisia
79%
+ Capital Kuwait City
77%
+ Capital Andorra la Vella
74%
4) B - Country Belgium
74%
+ Capital Brussels
74%
+ Capital Stockholm
74%
9) G - Country Guatemala
73%
25) S - Country Sweden
73%
+ Capital Guatemala City
71%
23) S - Country Singapore
71%
+ Capital Singapore
71%
13) M - Country Maldives
66%
18) N - Country Niger
66%
5) B - Country Belize
65%
+ Capital Male
63%
+ Capital Belmopan
60%
+ Capital Niamey
60%
24) S - Country South Korea
60%
10) G - Country Guyana
56%
17) M - Country Mozambique
56%
+ Capital Seoul
56%
22) S - Country Sao Tome
55%
+ Capital Sao Tome
55%
3) B - Country Barbados
53%
+ Capital Georgetown
53%
+ Capital Maputo
53%
+ Capital Taipei
53%
26) T - Country Taiwan
53%
7) B - Country Brunei
52%
+ Capital Bridgetown
50%
20) P - Country Papua New Guinea
48%
+ Capital Port Moresby
47%
+ Capital Bandar
45%
14) M - Country Marshall Islands
39%
+ Capital Majuro
35%
No matching quizzes found
Score Distribution
Percent of People with Each Score
Percentile by Number Answered
Your Score History
You have not taken this quiz since the last reset